00584nam a2200169 a 450000100100000000500170001000800410002702000150006810000210008324501320010426000280023630000280026449000220029271000650031483000220037904000130040100004175420201002035733.0131023s1995 sp 000 0 spa d a84000748151 aNarotzky, Susana14aMujer, mujeres, género :buna aproximación crítica al estudio de las mujeres en las Ciencias Sociales /cSusana Narotzky. aMadrid :bCSIC.,c1995. a197 p. :bil. ;c21 cm.1 aMonografíasv142 aConsejo Superior de Investigaciones Científicas (España) 0aMonografíasv14 aDO-SdBNP